000 00307nam a2200121Ia 4500
008 190216s9999||||xx |||||||||||||| ||und||
100 _aArora K C
245 0 _aIndustrial Management And Engineering Economics
260 _bKhanna Publishers
_c1998
300 _a1204 p
650 _aEconomics
942 _cBK
999 _c10178
_d10178